[Event "ESP-ch Rapid"]
[Site "Linares"]
[Date "2023.08.19"]
[Round "3"]
[White "Garcia Ramos, Daniel"]
[Black "Fernandez Gil, Marco Antonio"]
[Result "1-0"]
[WhiteElo "2468"]
[BlackElo "2180"]
[PlyCount "71"]
[EventDate "2023.08.19"]
[EventType "swiss (rapid)"]
[EventRounds "10"]
[EventCountry "ESP"]
[SourceTitle "CBM 215 Extra"]
[Source "ChessBase"]
[SourceDate "2023.09.30"]
[SourceVersion "1"]
[SourceVersionDate "2023.09.30"]
[SourceQuality "1"]

1. e4 g6 2. d4 Bg7 3. Nc3 d6 4. Be3 a6 5. Qd2 b5 6. h4 h5 7. a4 b4 8. Nd5 Nd7 9. Nf3 Ngf6 10. Nxf6+ Nxf6 11. Bd3 Ng4 12. Bg5 c5 13. a5 0-0 14. 0-0 Qc7 15. c3 bxc3 16. bxc3 e5 17. dxe5 Nxe5 18. Nxe5 Bxe5 19. Bc4 Be6 20. Bxe6 fxe6 21. f4 Bg7 22. Rfd1 Kh7 23. Qxd6 Qxd6 24. Rxd6 Bxc3 25. Rc1 Bd4+ 26. Kh2 Be3 27. Rf1 e5 28. f5 Bxg5 29. hxg5 gxf5 30. exf5 Ra7 31. g4 hxg4 32. Kg3 Kg8 33. Kxg4 Rc8 34. Rh1 c4 35. Rdh6 Raa8 36. Rh8+ 1-0

[Event "EU-ch blitz"]
[Site "Tallinn"]
[Date "2016.12.17"]
[Round "4"]
[White "Dzhumagaliev, Yan"]
[Black "Fernandez Gil, Marco Antonio"]
[Result "1-0"]
[WhiteElo "2400"]
[BlackElo "2215"]
[PlyCount "91"]
[EventDate "2016.12.17"]
[EventType "swiss (blitz)"]
[EventRounds "26"]
[EventCountry "EST"]
[SourceTitle "CBM 176 Extra"]
[Source "ChessBase"]
[SourceDate "2017.03.02"]
[SourceVersion "1"]
[SourceVersionDate "2017.03.02"]
[SourceQuality "1"]

1. d4 Nf6 2. c4 Nc6 3. d5 Ne5 4. e3 e6 5. a3 a5 6. Nc3 Bc5 7. Nf3 Nxf3+ 8. gxf3 d6 9. f4 0-0 10. Rg1 c6 11. b3 exd5 12. cxd5 cxd5 13. Nxd5 Nxd5 14. Qxd5 Qf6 15. Ra2 Be6 16. Qd3 Bf5 17. Qd2 d5 18. Bd3 Rfe8 19. Bxf5 Qxf5 20. Qc2 Qxc2 21. Rxc2 Rac8 22. Bb2 g6 23. Kd2 d4 24. exd4 Bd6 25. Rxc8 Bxf4+ 26. Kd3 Rxc8 27. h3 f5 28. Re1 Kf7 29. Bc3 b6 30. b4 axb4 31. Bxb4 Rc7 32. Rb1 Rd7 33. Bc3 Bc7 34. Kc4 Re7 35. Rb2 Rd7 36. Kb5 Ke6 37. Kc6 Rf7 38. Re2+ Kf6 39. d5+ Kg5 40. d6 Bxd6 41. Kxd6 Ra7 42. Bb4 Kh4 43. Re3 Ra8 44. Kc7 b5 45. Kb7 Rd8 46. Be7+ 1-0

[Event "ESP-chT2 Gr2"]
[Site "Granada"]
[Date "2010.08.05"]
[Round "2"]
[White "Fernandez Gil, Marco Antonio"]
[Black "Perez Gonzalez, Jose Manuel"]
[Result "1-0"]
[WhiteElo "2247"]
[BlackElo "2324"]
[PlyCount "83"]
[EventDate "2010.08.04"]
[EventType "team-tourn"]
[EventRounds "6"]
[EventCountry "ESP"]
[SourceTitle "CBM 137 Extra"]
[Source "ChessBase"]
[SourceDate "2010.09.01"]
[SourceVersion "1"]
[SourceVersionDate "2010.09.01"]
[SourceQuality "1"]

1. e4 d6 2. d4 Nf6 3. Nc3 g6 4. Bg5 Bg7 5. e5 dxe5 6. dxe5 Ng4 7. Qxd8+ Kxd8 8. Rd1+ Bd7 9. e6 fxe6 10. Be2 Ne5 11. Nf3 Nbc6 12. 0-0 Nf7 13. Ne4 b6 14. Rfe1 Ke8 15. c3 Nd6 16. Bd3 Kf7 17. Bf4 h6 18. b4 Rad8 19. b5 Na5 20. Ne5+ Bxe5 21. Bxe5 Rhf8 22. a4 Bc8 23. h4 Bb7 24. Ng3 Bd5 25. h5 gxh5 26. Nxh5 Bb3 27. Rb1 Rd7 28. Nf4 Nf5 29. Be2 Ng7 30. c4 Rg8 31. Rbc1 Bxa4 32. Rc3 Rd2 33. Ra1 Bb3 34. Rxa5 bxa5 35. Rxb3 Ra2 36. c5 a4 37. Rb1 Rc2 38. c6 a3 39. Bxc7 a2 40. Ra1 Kf6 41. Bd1 Rb2 42. Be5+ 1-0

[Event "Valencia-chT Honor"]
[Site "Valencia"]
[Date "2009.01.17"]
[Round "2.3"]
[White "Fernandez Gil, Marco Antonio"]
[Black "Plaza Pardo, Daniel"]
[Result "1-0"]
[WhiteElo "2263"]
[BlackElo "2205"]
[PlyCount "69"]
[EventDate "2009.01.10"]
[EventType "team"]
[EventRounds "5"]
[EventCountry "ESP"]
[SourceTitle "EXT 2010"]
[Source "ChessBase"]
[SourceDate "2010.11.25"]
[SourceVersion "1"]
[SourceVersionDate "2010.11.25"]
[SourceQuality "1"]
[WhiteTeam "Manises Eva"]
[BlackTeam "Ateneo Maritimo"]
[WhiteTeamCountry "ESP"]
[BlackTeamCountry "ESP"]

1. e4 c5 2. Ne2 Nc6 3. g3 d5 4. Bg2 dxe4 5. Bxe4 Nf6 6. Bg2 g6 7. 0-0 Bg7 8. d3 0-0 9. h3 Bd7 10. Nbc3 Nd4 11. Be3 Bc6 12. Bxc6 bxc6 13. Na4 Nf3+ 14. Kg2 Nd4 15. Nxc5 Qd5+ 16. f3 Nf5 17. Bf2 Bh6 18. Nc3 Qd8 19. Re1 Rb8 20. Nb3 Qc7 21. Qe2 e6 22. Qe5 Qxe5 23. Rxe5 Nd7 24. Re2 Rb7 25. Ne4 Bg7 26. c3 Rfb8 27. g4 Ne7 28. Nd6 Rc7 29. Bg3 e5 30. d4 f6 31. f4 exf4 32. Bxf4 Nd5 33. Bg3 Rf8 34. c4 N5b6 35. Re7 1-0

[Event "Villarrobledo op 23rd"]
[Site "Villarrobledo"]
[Date "2008.08.02"]
[Round "2"]
[White "Fernandez Gil, Marco Antonio"]
[Black "Shirov, Alexei"]
[Result "0-1"]
[WhiteElo "2277"]
[BlackElo "2741"]
[PlyCount "84"]
[EventDate "2008.08.02"]
[EventType "swiss (rapid)"]
[EventRounds "9"]
[EventCountry "ESP"]
[SourceTitle "CBM 126 Extra"]
[Source "ChessBase"]
[SourceDate "2008.11.05"]
[SourceVersion "1"]
[SourceVersionDate "2008.11.05"]
[SourceQuality "1"]

1. e4 c5 2. Nc3 Nc6 3. Nf3 e5 4. Bc4 Be7 5. d3 d6 6. Nd2 Bg5 7. h4 Bh6 8. Qh5 Qd7 9. Nb5 Nd8 10. Nf1 Nf6 11. Qf3 Bxc1 12. Rxc1 a6 13. Nc3 b5 14. Bb3 Ne6 15. Nd5 Nxd5 16. Bxd5 Ra7 17. Ne3 0-0 18. h5 h6 19. c3 Nf4 20. Rd1 Kh8 21. Bb3 a5 22. Nd5 Ne6 23. Nb6 Qd8 24. Nxc8 Qxc8 25. Qg4 a4 26. Bxe6 fxe6 27. a3 Raf7 28. Rd2 Rf4 29. Qh3 Qe8 30. 0-0 Qe7 31. g3 Qg5 32. Rdd1 R8f6 33. Kg2 Kh7 34. f3 d5 35. Rde1 c4 36. exd5 exd5 37. dxc4 bxc4 38. Rd1 d4 39. cxd4 exd4 40. Qd7 d3 41. Qb7 Rd4 42. Qa7 Rfd6 0-1

[Event "ESP-chT Honor Gp2"]
[Site "San Sebastian"]
[Date "2006.09.16"]
[Round "4"]
[White "Fernandez Gil, Marco Antonio"]
[Black "Karjakin, Sergey"]
[Result "0-1"]
[WhiteElo "2241"]
[BlackElo "2679"]
[PlyCount "152"]
[EventDate "2006.09.13"]
[EventType "team"]
[EventRounds "5"]
[EventCountry "ESP"]
[SourceTitle "CBM 115"]
[Source "ChessBase"]
[SourceDate "2006.11.15"]
[SourceVersion "1"]
[SourceVersionDate "2006.11.15"]
[SourceQuality "1"]

1. e4 c5 2. Nf3 d6 3. d4 cxd4 4. Nxd4 Nf6 5. Nc3 a6 6. Be3 e5 7. Nb3 Be6 8. f3 h5 9. Qd2 Nbd7 10. a4 Be7 11. a5 Rc8 12. Be2 Qc7 13. 0-0 0-0 14. Rfc1 h4 15. Nd5 Nxd5 16. exd5 Bf5 17. c4 Rfe8 18. Bd3 Bxd3 19. Qxd3 Qd8 20. Nd2 Bg5 21. Ne4 Bxe3+ 22. Qxe3 Qe7 23. Qg5 Qxg5 24. Nxg5 Kf8 25. b4 Ke7 26. Ra3 Red8 27. Kf2 Nf8 28. Rd3 f6 29. Ne4 f5 30. Nd2 Nd7 31. Nf1 g6 32. Ne3 Nf6 33. Rdd1 Kf8 34. Ke2 Rd7 35. Kd3 Rdc7 36. Rd2 f4 37. Ng4 e4+ 38. Kd4 e3 39. Re2 Nh5 40. c5 Ng7 41. Nh6 dxc5+ 42. bxc5 Rd8 43. d6 Rxd6+ 44. cxd6 Rxc1 45. Ke5 g5 46. Kf6 Rc6 47. Nf5 Nxf5 48. Kxf5 Rxd6 49. Kxg5 Rd2 50. Re1 Rxg2+ 51. Kxf4 Rxh2 52. Rxe3 Rg2 53. Rb3 Rg7 54. Rb1 Rh7 55. Kg4 h3 56. Kg3 h2 57. Kg2 Rh5 58. Kh1 Rb5 59. Rc1 Ke8 60. Rc7 Kd8 61. Rg7 Kc8 62. Rg8+ Kc7 63. Rg7+ Kc6 64. Rg6+ Kc5 65. Kxh2 Rxa5 66. f4 Ra3 67. Kg2 Rb3 68. Re6 Kd5 69. f5 a5 70. Re1 Rb6 71. Kg3 a4 72. Kf4 a3 73. Rd1+ Kc4 74. Rc1+ Kd4 75. Rd1+ Kc3 76. Ke5 a2 0-1

[Event "ESP-ch Universities"]
[Site "Madrid"]
[Date "2006.05.07"]
[Round "4"]
[White "Fernandez Gil, Marco Antonio"]
[Black "Romon Poves, Raul"]
[Result "1-0"]
[WhiteElo "2268"]
[BlackElo "2226"]
[PlyCount "47"]
[EventDate "2006.05.06"]
[EventType "team"]
[EventRounds "8"]
[EventCountry "ESP"]
[SourceTitle "CBM 112 Extra"]
[Source "ChessBase"]
[SourceDate "2006.07.14"]
[SourceVersion "1"]
[SourceVersionDate "2006.07.14"]
[SourceQuality "1"]

1. e4 e6 2. d4 d5 3. exd5 exd5 4. Nf3 Bg4 5. h3 Bh5 6. Qe2+ Qe7 7. Be3 Nc6 8. Nc3 0-0-0 9. g4 Bg6 10. 0-0-0 Nf6 11. Ne5 Nxe5 12. dxe5 Qxe5 13. f4 Qe6 14. f5 Bxf5 15. gxf5 Qxf5 16. Bxa7 Bb4 17. Bd4 Rhe8 18. Qg2 c5 19. Bxf6 gxf6 20. Nxd5 Kb8 21. Bc4 Rg8 22. Qh2+ Ka7 23. Qc7 Rg2 24. Qb6+ 1-0

[Event "Andorra op 23rd"]
[Site "Andorra"]
[Date "2005.07.12"]
[Round "4"]
[White "Oms Pallisse, Josep"]
[Black "Fernandez Gil, Marco Antonio"]
[Result "1-0"]
[WhiteElo "2476"]
[BlackElo "2308"]
[PlyCount "81"]
[EventDate "2005.07.09"]
[EventType "swiss"]
[EventRounds "9"]
[EventCountry "AND"]
[SourceTitle "EXT 2022"]
[Source "ChessBase"]
[SourceDate "2021.10.06"]
[SourceVersion "1"]
[SourceVersionDate "2021.10.06"]
[SourceQuality "1"]

1. c4 e5 2. Nc3 Bb4 3. Nd5 Be7 4. d4 d6 5. e4 c6 6. Nxe7 Qxe7 7. f3 Nf6 8. Be3 0-0 9. d5 c5 10. Ne2 Na6 11. Qd2 Bd7 12. Nc3 Nc7 13. a3 a5 14. a4 h6 15. g4 Nh7 16. h4 f6 17. 0-0-0 b6 18. Bd3 g5 19. hxg5 hxg5 20. Rh6 Rf7 21. Rdh1 Rg7 22. Qh2 Be8 23. Ne2 Rd8 24. Ng3 Bg6 25. Bf1 Qf7 26. Nf5 Bxf5 27. gxf5 Rb8 28. Qe2 Rb7 29. R1h5 Ne8 30. Qh2 Qe7 31. Bh3 Qd8 32. Bg4 Rbe7 33. Rg6 Kh8 34. Rhh6 Ref7 35. Bh5 Qe7 36. b3 Qf8 37. Rxg7 Rxg7 38. Bxe8 Qxe8 39. Rxf6 Qe7 40. Re6 Qd7 41. Qh6 1-0

[Event "Andorra op 23rd"]
[Site "Andorra"]
[Date "2005.07.10"]
[Round "2"]
[White "Arizmendi Martinez, Julen Luis"]
[Black "Fernandez Gil, Marco Antonio"]
[Result "1-0"]
[WhiteElo "2504"]
[BlackElo "2308"]
[PlyCount "99"]
[EventDate "2005.07.09"]
[EventType "swiss"]
[EventRounds "9"]
[EventCountry "AND"]
[SourceTitle "CBM 107 Extra"]
[Source "ChessBase"]
[SourceDate "2005.09.01"]
[SourceVersion "1"]
[SourceVersionDate "2005.09.01"]
[SourceQuality "1"]

1. e4 c5 2. Nf3 Nc6 3. d4 cxd4 4. Nxd4 e5 5. Nb5 a6 6. Nd6+ Bxd6 7. Qxd6 Qf6 8. Qxf6 Nxf6 9. Nc3 d5 10. exd5 Nb4 11. Bd3 Nxd3+ 12. cxd3 Bf5 13. 0-0 0-0-0 14. Bg5 Bxd3 15. Rfd1 Bf5 16. Rac1 Kb8 17. d6 Rd7 18. f4 exf4 19. Na4 Ne4 20. Be7 Ka7 21. Nc5 Nxc5 22. Rxc5 Be6 23. a3 h6 24. h4 Rb8 25. Kf2 b5 26. Rdc1 Rbb7 27. Kf3 b4 28. a4 b3 29. Kxf4 Rb4+ 30. Ke3 Rdb7 31. a5 R4b5 32. Bd8 Rxc5 33. Rxc5 Rd7 34. Bc7 Kb7 35. Kd4 g6 36. Ke5 h5 37. Rc3 Kc8 38. Rc6 Kb7 39. Rb6+ Ka7 40. Rb8 Bc4 41. Kf6 Bb5 42. g3 Bc6 43. Rb4 Bd5 44. g4 hxg4 45. Rxg4 Rxc7 46. dxc7 Kb7 47. Rd4 Be6 48. Rd6 Bf5 49. Kxf7 Kxc7 50. Rxg6 1-0

[Event "La Roda op 32nd"]
[Site "La Roda"]
[Date "2005.03.26"]
[Round "6"]
[White "Korneev, Oleg"]
[Black "Fernandez Gil, Marco Antonio"]
[Result "1-0"]
[WhiteElo "2602"]
[BlackElo "2264"]
[PlyCount "61"]
[EventDate "2005.03.23"]
[EventType "swiss"]
[EventRounds "9"]
[EventCountry "ESP"]
[SourceTitle "CBM 105 Extra"]
[Source "ChessBase"]
[SourceDate "2005.05.01"]
[SourceVersion "1"]
[SourceVersionDate "2005.05.01"]
[SourceQuality "1"]

1. e4 c5 2. Nf3 d6 3. d4 cxd4 4. Nxd4 Nf6 5. Nc3 e6 6. Be3 a6 7. f3 Nc6 8. Qd2 Qc7 9. 0-0-0 Ne5 10. g4 b5 11. g5 Nfd7 12. f4 Nc4 13. Bxc4 Qxc4 14. Qd3 Bb7 15. Qxc4 bxc4 16. Nde2 f5 17. Nd4 Nc5 18. exf5 Bxh1 19. Rxh1 Kf7 20. fxe6+ Nxe6 21. f5 Nxd4 22. Bxd4 d5 23. h4 Bb4 24. Nxd5 Rad8 25. g6+ hxg6 26. fxg6+ Kg8 27. Nxb4 Rxd4 28. h5 Rd6 29. Re1 Kf8 30. Re5 a5 31. Nd5 1-0

[Event "Cullera op-A 25th"]
[Site "Cullera"]
[Date "2004.07.25"]
[Round "5"]
[White "Valmana Canto, Jaime"]
[Black "Fernandez Gil, Marco Antonio"]
[Result "1-0"]
[WhiteElo "2076"]
[BlackElo "2228"]
[PlyCount "51"]
[EventDate "2004.07.??"]
[EventType "swiss"]
[EventRounds "9"]
[EventCountry "ESP"]
[SourceTitle "CBM 101 Extra"]
[Source "ChessBase"]
[SourceDate "2004.09.01"]
[SourceVersion "2"]
[SourceVersionDate "2004.09.01"]
[SourceQuality "1"]

1. e4 e6 2. d4 d5 3. e5 c5 4. c3 Qb6 5. Nf3 Nc6 6. a3 Nh6 7. b4 cxd4 8. cxd4 Nf5 9. Be3 f6 10. exf6 gxf6 11. Nc3 Bd7 12. Na4 Qd8 13. Nc5 Nxe3 14. fxe3 Rb8 15. Bd3 Bg7 16. 0-0 Qe7 17. Qe1 Qd6 18. Qh4 Kd8 19. Rac1 Ne7 20. Qh5 Ng8 21. e4 Bh6 22. Rc2 Qf4 23. Kh1 Ke7 24. Nxd7 dxe4 25. Nxb8 exd3 26. Rc8 1-0

[Event "Valencia Autonomico-A"]
[Site "Valencia"]
[Date "2004.01.31"]
[Round "3.5"]
[White "Buenafe Moya, Javier"]
[Black "Fernandez Gil, Marco Antonio"]
[Result "0-1"]
[WhiteElo "2298"]
[BlackElo "2223"]
[PlyCount "92"]
[EventDate "2004.01.17"]
[EventType "team"]
[EventRounds "4"]
[EventCountry "ESP"]
[SourceTitle "CBM 098 Extra"]
[Source "ChessBase"]
[SourceDate "2004.03.10"]
[SourceVersion "2"]
[SourceVersionDate "2004.03.10"]
[SourceQuality "1"]

1. e4 c5 2. c4 Nc6 3. Nc3 e5 4. d3 d6 5. f4 g6 6. Nf3 Bg7 7. h3 Nge7 8. g4 exf4 9. Bxf4 a6 10. Qd2 h6 11. Rc1 g5 12. Be3 Ng6 13. Be2 Nge5 14. Nxe5 Bxe5 15. Nd5 Be6 16. Kd1 Nd4 17. Bxd4 Bxd4 18. Kc2 Bxd5 19. exd5 Qb6 20. Kb1 0-0-0 21. Bf3 Rde8 22. Be4 Be5 23. Rce1 Qd8 24. Qf2 f6 25. Re2 Kb8 26. a3 Qa5 27. Bg6 Re7 28. Qe1 Qxe1+ 29. Rhxe1 Rg7 30. Bf5 h5 31. Kc2 hxg4 32. Bxg4 Rf8 33. Bf5 Rh8 34. b4 b6 35. Rb1 Kc7 36. a4 Rb8 37. Rb3 a5 38. bxa5 bxa5 39. Rb5 Rxb5 40. cxb5 Rg8 41. d4 cxd4 42. Kd3 Rg7 43. Rc2+ Kb7 44. Bc8+ Kb8 45. b6 f5 46. Ba6 Rb7 0-1

[Event "Cullera-B"]
[Site "Cullera"]
[Date "2003.07.23"]
[Round "9.5"]
[White "Fernandez Gil, Marco Antonio"]
[Black "Solanes Galbis, Juan Ernesto"]
[Result "1-0"]
[WhiteElo "2200"]
[BlackElo "2095"]
[PlyCount "38"]
[EventDate "2003.07.16"]
[EventType "tourn"]
[EventRounds "11"]
[EventCountry "ESP"]
[EventCategory "1"]
[SourceTitle "CBM 095 Extra"]
[Source "ChessBase"]
[SourceDate "2003.09.04"]
[SourceVersion "1"]
[SourceVersionDate "2003.09.04"]
[SourceQuality "1"]

1. e4 c5 2. Nc3 d6 3. Nf3 Nf6 4. d4 cxd4 5. Nxd4 e6 6. f3 a6 7. Be3 Nbd7 8. g4 h6 9. Qd2 b5 10. 0-0-0 Bb7 11. Bd3 b4 12. Nce2 d5 13. exd5 Nxd5 14. Nxe6 Qa5 15. Kb1 Rc8 16. Bd4 fxe6 17. Bg6+ Kd8 18. Nf4 Nc3+ 19. Bxc3 Rc7 1-0

[Event "Cullera-B"]
[Site "Cullera"]
[Date "2003.07.23"]
[Round "8.2"]
[White "Marin, Irina Luiza"]
[Black "Fernandez Gil, Marco Antonio"]
[Result "1/2-1/2"]
[WhiteElo "2261"]
[BlackElo "2200"]
[PlyCount "90"]
[EventDate "2003.07.16"]
[EventType "tourn"]
[EventRounds "11"]
[EventCountry "ESP"]
[EventCategory "1"]
[SourceTitle "CBM 095 Extra"]
[Source "ChessBase"]
[SourceDate "2003.09.04"]
[SourceVersion "1"]
[SourceVersionDate "2003.09.04"]
[SourceQuality "1"]

1. c4 b6 2. Nf3 Bb7 3. g3 Bxf3 4. exf3 c5 5. d4 cxd4 6. Qxd4 Nc6 7. Qd1 e6 8. Bg2 Bb4+ 9. Bd2 Qf6 10. Bc3 Nge7 11. 0-0 Qg6 12. Bxb4 Nxb4 13. Nc3 Rd8 14. Nb5 0-0 15. Nxa7 d5 16. cxd5 Nexd5 17. Qb3 Nd3 18. f4 Rd7 19. Nc6 Nc5 20. Qb5 Qd3 21. Qxd3 Nxd3 22. Bxd5 exd5 23. Rfd1 Nxb2 24. Rxd5 Rc7 25. Rc1 g6 26. Rc2 Kg7 27. Rxb2 Rxc6 28. Rdb5 Ra8 29. f5 Rc1+ 30. Kg2 Ra1 31. Rxb6 gxf5 32. R2b5 R8xa2 33. Rxf5 Ra5 34. Rff6 Ra7 35. g4 h5 36. h3 hxg4 37. hxg4 Rb7 38. Kg3 Rxb6 39. Rxb6 Ra2 40. f4 Ra3+ 41. Kh4 Ra5 42. f5 Rc5 43. Kg5 Ra5 44. Rb4 Rc5 45. Kf4 Rc1 1/2-1/2